|
|
|
|
| LEADER |
02291nam a2200553 i 4500 |
| 001 |
nkc20172867069 |
| 003 |
CZ PrNK |
| 005 |
20170301102158.0 |
| 007 |
ta |
| 008 |
170206s2016 xr af f 000 0 cze |
| 015 |
|
|
|a cnb002867069
|
| 020 |
|
|
|a 978-80-7417-119-2
|q (brožováno)
|
| 035 |
|
|
|a (OCoLC)975043111
|
| 040 |
|
|
|a ABA001
|b cze
|e rda
|
| 041 |
0 |
|
|a cze
|b eng
|
| 072 |
|
7 |
|a 630
|x Lesnictví
|2 Konspekt
|9 24
|
| 080 |
|
|
|a 630.23
|2 MRF
|
| 080 |
|
|
|a 630.236
|2 MRF
|
| 080 |
|
|
|a (083.744)
|2 MRF
|
| 100 |
1 |
|
|a Souček, Jiří,
|d 1969-
|7 uzp2009465524
|4 aut
|
| 245 |
1 |
0 |
|a Dvoufázová obnova lesa na kalamitních holinách s využitím přípravných dřevin :
|b certifikovaná metodika /
|c Jiří Souček, Ondřej Špulák, Jan Leugner, Karel Pulkrab, Roman Sloup, Antonín Jurásek, Antonín Martiník
|
| 264 |
|
1 |
|a Strnady :
|b Výzkumný ústav lesního hospodářství a myslivosti, v.v.i.,
|c 2016
|
| 300 |
|
|
|a 35 stran, 5 nečíslovaných stran obrazových příloh :
|b barevné ilustrace ;
|c 21 cm
|
| 336 |
|
|
|a text
|b txt
|2 rdacontent
|
| 337 |
|
|
|a bez média
|b n
|2 rdamedia
|
| 338 |
|
|
|a svazek
|b nc
|2 rdacarrier
|
| 490 |
1 |
|
|a Certifikované metodiky pro praxi
|
| 490 |
1 |
|
|a Lesnický průvodce,
|x 0862-7657 ;
|v 10/2016
|
| 504 |
|
|
|a Obsahuje bibliografii
|
| 546 |
|
|
|a Anglická resumé
|
| 650 |
0 |
7 |
|a obnova lesních porostů
|7 ph136605
|2 czenas
|
| 650 |
0 |
7 |
|a pěstování mladých lesních porostů
|7 ph135510
|2 czenas
|
| 650 |
0 |
9 |
|a afforestation
|2 eczenas
|
| 650 |
0 |
9 |
|a young forest growing
|2 eczenas
|
| 655 |
|
7 |
|a certifikované metodiky
|7 fd806827
|2 czenas
|
| 655 |
|
9 |
|a certified methodology
|2 eczenas
|
| 700 |
1 |
|
|a Špulák, Ondřej,
|d 1978-
|7 xx0028953
|4 aut
|
| 700 |
1 |
|
|a Leugner, Jan,
|d 1974-
|7 mzk2008430781
|4 aut
|
| 700 |
1 |
|
|a Pulkrab, Karel,
|d 1940-
|7 jn20010309008
|4 aut
|
| 700 |
1 |
|
|a Sloup, Roman,
|d 1975-
|7 xx0054268
|4 aut
|
| 700 |
1 |
|
|a Jurásek, Antonín,
|d 1952-
|7 mzk2002160799
|4 aut
|
| 700 |
1 |
|
|a Martiník, Antonín,
|d 1975-
|7 xx0054750
|4 aut
|
| 810 |
2 |
|
|a Výzkumný ústav lesního hospodářství a myslivosti.
|t Metodiky
|0 s
|
| 830 |
|
0 |
|a Lesnický průvodce
|0 s
|
| 910 |
2 |
|
|a BOA001
|b 2-1381.754
|
| 990 |
|
|
|a BK
|
| 995 |
|
|
|a 01
|
| 991 |
|
|
|b 201703
|c NOV
|
| 996 |
6 |
|
|b 2610697647
|c 2-1381.754
|l MZK
|r Sklad / do 1 hodiny
|n 0
|p p.v.
|w 001600042
|u 000010
|a 1
|e BOA001
|j MZK50
|s P
|